| 000 | nam a22 a 4500 | ||
|---|---|---|---|
| 999 |
_c1579 _d1579 |
||
| 003 | AKMAL | ||
| 005 | 20170511094007.0 | ||
| 008 | 170511s1984 my a00 may d | ||
| 039 | 9 |
_a201304261049 _bmanoriah |
|
| 040 | _aAKMAL | ||
| 082 | 0 | 4 | _a310 BAI |
| 090 | 2 | 0 |
_a310 _bBAI |
| 100 | 1 |
_aBailey, Kenneth D. _93191 |
|
| 245 | 1 | 0 |
_aKaedah penyelidikan sosial / _cKenneth D. Bailey ; terjemahan, Hashim Awang |
| 260 |
_aKuala Lumpur : _bDewan Bahasa dan Pustaka, _c1984 |
||
| 300 | 0 | 0 |
_axxi, 799ms. ; _c22cm |
| 500 | _aTerjemahan dari: Methods of social research. New York : The Free Press, 1978 | ||
| 650 | 1 | 0 |
_aSociology _xMethodology _93192 |
| 700 | 0 |
_aHashim Awang, _cDato', _d1937- _92721 |
|
| 942 |
_2ddc _cBOOK |
||